Katechismus der Gesundheitslehre für die Schule (Titelsatznr. 371979)
[ MARC ]
| 000 -Satzkennung | |
|---|---|
| Kontrollfeld mit fester Länge | 01037cam a2200373 4500 |
| 001 - Kontrollnummer | |
| Kontrollfeld | 481469907 |
| 003 - Kontrollnummer Identifier | |
| Kontrollfeld | DE-627 |
| 005 - Datum und Zeit der letzten Transaktion | |
| Kontrollfeld | 20221128172301.0 |
| 007 - Feld mit fester Länge zur physischen Beschreibung - Allgemeine Information | |
| Kontrollfeld mit fester Länge | tu |
| 008 - Feld mit fester Länge zur physischen Beschreibung - Allgemeine Angaben | |
| Kontrollfeld mit fester Länge | 050311s1889 xx ||||| 00| ||ger c |
| 035 ## - Systemkontrollnummer | |
| System-Kontrollnummer | (DE-627)481469907 |
| 035 ## - Systemkontrollnummer | |
| System-Kontrollnummer | (DE-599)GBV481469907 |
| 035 ## - Systemkontrollnummer | |
| System-Kontrollnummer | (OCoLC)600351010 |
| 040 ## - Katalogisierungsquelle | |
| Original-Katalogisierungsstelle | DE-627 |
| Katalogisierungssprache | ger |
| Übertragungsstelle | DE-627 |
| Beschreibungsfestlegungen | rakwb |
| Bearbeitungsstelle | DE-2950 |
| 041 ## - Sprachcode | |
| Sprachcode des Textes/der Tonspur oder des separaten Titels | ger |
| 044 ## - Ländercode der veröffentlichenden/herstellenden Stelle | |
| ISO-Ländercode | XA-DXDE |
| 084 ## - Andere Notation | |
| Notation | 80.50 |
| Quelle der Nummer | bkl |
| 084 ## - Andere Notation | |
| Notation | 44.47 |
| Quelle der Nummer | bkl |
| 100 1# - Haupteintragung - Personenname | |
| Personenname | Trzoska, Franz |
| Datumsangaben in Verbindung mit einem Namen | 1853- |
| IDN des Normdatensatzes oder Standardnummer | (DE-588)1014791006 |
| -- | (DE-627)705284360 |
| -- | (DE-576)349652120 |
| Code für Beziehungskennzeichnung | aut |
| 245 10 - Titel | |
| Titel | Katechismus der Gesundheitslehre für die Schule |
| Verfasserangabe etc. | Von F. Trzoska |
| 264 #1 - Produktion, Veröffentlichung, Distribution, Herstellung und Urheberrechtsvermerk | |
| Herstellungs-, Veröffentlichungs- Vertriebs-, Erzeugungsort | Königsberg i. Pr.: |
| Produzent, Herausgeber, Distributor, Hersteller | Hartung, |
| Datum der Herstellung, der Veröffentlichung, des Vertriebs oder des Urheberschutzvermerks | 1889. |
| 300 ## - Physische Beschreibung | |
| Umfang | 58 S. |
| Maße | 8 ° |
| 336 ## - Inhaltstyp | |
| Inhaltstypterm | Text |
| Inhaltstypcode | txt |
| Quelle | rdacontent |
| 337 ## - Medientyp | |
| Bezeichnung des Medientyps | ohne Hilfsmittel zu benutzen |
| Medientypcode | n |
| Quelle | rdamedia |
| 338 ## - Datenträgertyp | |
| Datenträgertypbezeichnung | Band |
| Datenträgertypcode | nc |
| Quelle | rdacarrier |
| 546 ## - Fußnote zur Sprache | |
| Sprache | In Fraktur |
| 653 ## - Indexierungsterm - Nicht normiert | |
| Nicht-normierter Term | Gesundheitslehre |
| 653 ## - Indexierungsterm - Nicht normiert | |
| Nicht-normierter Term | Schule |
| 653 ## - Indexierungsterm - Nicht normiert | |
| Nicht-normierter Term | Lehrbuch |
| 951 ## - EQUIVALENCE OR CROSS-REFERENCE--GEOGRAPHIC NAME/AREA NAME [OBSOLETE] [CAN/MARC only] | |
| Geografischer Name | BO |
| 936 bk - OCLC/CONSER MISCELLANEOUS DATA (OCLC); PIECE USED FOR CATALOGING (pre-AACR2) (RLIN) | |
| OCLC control number(s) of parallel record(s) (OCLC); Piece used for cataloging, PUC (RLIN) | 80.50 |
| 936 bk - OCLC/CONSER MISCELLANEOUS DATA (OCLC); PIECE USED FOR CATALOGING (pre-AACR2) (RLIN) | |
| OCLC control number(s) of parallel record(s) (OCLC); Piece used for cataloging, PUC (RLIN) | 44.47 |
| 942 ## - Zusätzliche Felder (Koha) | |
| Klassifikation oder Aufstellungssystematik | Andere/Generische Klassifikation |
| Koha-Medientyp | Bücher |
| Ausgeschieden | Verloren | Klassifikation oder Aufstellungssystematik | Beschädigt | Nicht entleihbar | Heimatbibliothek | Aufenthaltsbibliothek | Aufstellungsort | Erwerbungsdatum | Lieferant | Kodierter Standort-Qualifier | Anzahl Ausleihen | Signatur | Letzte Aktivität | Exemplarnummer | Preis gültig von | Koha-Medientyp |
|---|---|---|---|---|---|---|---|---|---|---|---|---|---|---|---|---|
| Andere/Generische Klassifikation | Stadtarchiv Frankfurt (Oder) | Archivbibliothek | Stadtarchiv Frankfurt (Oder) | Archivbibliothek | Magazin | 28/11/2022 | Geschenk | M | II: 5054 | 28/11/2022 | 106/2022 | 28/11/2022 | Bücher |